00501nam a2200157Ia 450000500170000000800410001708200130005810000180007124500290008926000360011830000130015450000560016794200060022395200990022999900150032820250325034651.0240331s9999 xx 000 0 und d bMARa894 aMaraikayar, S 0aBarathidasan ayvuk kovai aChennaibKankai Book shopc1990 a728 p ., aA Collection of 100 Critical Essays on Barathidasan cL 001040708LaWERCLbWERCLcSSCd2024-03-31l0o 894.811 MARp2584r2024-03-31w2024-03-31yL c3839d3839